LEADER 03160nam 2200649 450 001 9910466365503321 005 20200520144314.0 010 $a1-4426-7203-X 024 7 $a10.3138/9781442672031 035 $a(CKB)3800000000070347 035 $a(EBL)4671295 035 $a(SSID)ssj0000388290 035 $a(PQKBManifestationID)12122281 035 $a(PQKBTitleCode)TC0000388290 035 $a(PQKBWorkID)10411685 035 $a(PQKB)11122143 035 $a(CaBNvSL)thg00602291 035 $a(MiAaPQ)EBC3258029 035 $a(MiAaPQ)EBC4671295 035 $a(DE-B1597)464275 035 $a(OCoLC)944178366 035 $a(DE-B1597)9781442672031 035 $a(Au-PeEL)EBL4671295 035 $a(CaPaEBR)ebr11257013 035 $a(OCoLC)958564966 035 $a(EXLCZ)993800000000070347 100 $a20160926h19971997 uy 0 101 0 $aeng 135 $aur|n|---||||| 181 $ctxt 182 $cc 183 $acr 200 00$aCanadian annual review of politics and public affairs 1990 /$fedited by David Leyton-Brown 205 $a74th ed. 210 1$aBuffalo, [New York] ;$aLondon, [England] ;$aToronto, [Ontario] :$cUniversity of Toronto Press,$d1997. 210 4$dİ1997 215 $a1 online resource (312 p.) 225 1 $aCanadian Annual Review of Politics and Public Affairs 300 $aIncludes index. 311 $a0-8020-4156-6 327 $tFrontmatter -- $tContents -- $tContributors -- $tAcknowledgments -- $tCanadian calendar 1990 -- $tEditor's introduction -- $tParliament and politics -- $tOttawa and the provinces -- $tExternal affairs and defence -- $tONTARIO -- $tQUEBEC -- $tNOVA SCOTIA -- $tNEW BRUNSWICK -- $tMANITOBA -- $tBRITISH COLUMBIA -- $tPRINCE EDWARD ISLAND -- $tSASKATCHEWAN -- $tALBERTA -- $tNEWFOUNDLAND AND LABRADOR -- $tTHE YUKON AND THE NORTHWEST TERRITORIES -- $tObituaries -- $tIndex of Names -- $tIndex of Subjects 330 $aIt happened in 1990: the Meech Lake Accord collapsed; the GST entered our lexicon and threatened to invade our wallets; the Oka stand-off pushed the crisis in native affairs into the spotlight.Featuring essays on Parliament and politics, Ottawa and the provinces, and external affairs and defence, the Canadian Annual Review of Politics and Public Affairs provides a comprehensive account of the year's events.The Canadian Annual Review has long been praised for its excellence. Known for its accuracy, readability, and insight, it offers a synoptic appraisal of the year's crises, controversies, and developments from both federal and provincial perspectives. 606 $aPOLITICAL SCIENCE / Reference$2bisacsh 607 $aCanada$xPolitics and government$y1945- 607 $aCanada$xForeign relations$y1945- 607 $aCanada$xEconomic conditions$y1945- 608 $aElectronic books. 615 7$aPOLITICAL SCIENCE / Reference. 676 $a971.064 702 $aLeyton-Brown$b David 801 0$bMiAaPQ 801 1$bMiAaPQ 801 2$bMiAaPQ 906 $aBOOK 912 $a9910466365503321 996 $aCanadian annual review of politics and public affairs 1990$92455983 997 $aUNINA